Modern algebra
Αποθηκεύτηκε σε:
| Κύριος συγγραφέας: | |
|---|---|
| Μορφή: | Βιβλίο |
| Γλώσσα: | English |
| Δημοσίευση: |
Engelwood Cliffs, N.J. :
Prentice-Hall,
1965.
|
| Σειρά: | Prentice-Hall mathematics series
|
| Θέματα: | |
| Ετικέτες: |
Προσθήκη ετικέτας
Δεν υπάρχουν, Καταχωρήστε ετικέτα πρώτοι!
|
MARC
| LEADER | 00000cam a2200000 a 4500 | ||
|---|---|---|---|
| 001 | 1/109181 | ||
| 008 | 151011s1965####us | ||| |||| ||eng|| | ||
| 040 | |a GR-MyUa |b gre |c GR-MyUa |e AACR2 | ||
| 041 | 0 | |a eng | |
| 082 | 7 | |a 512 |2 (23) | |
| 100 | 1 | |a Warner, Seth. | |
| 245 | 1 | 0 | |a Modern algebra / |c Seth Warner. |
| 260 | |a Engelwood Cliffs, N.J. : |b Prentice-Hall, |c 1965. | ||
| 300 | |a 2τ. (x, 457, x, 459-806 σ.) : |c 24 εκ. | ||
| 490 | 1 | |a (Prentice-Hall mathematics series) | |
| 650 | 0 | |a Algebra. | |
| 830 | 0 | |a Prentice-Hall mathematics series | |
| 852 | |a INST |b SAMOS |c MAG |e 20151011 |h 512 WAR |p 005300034364 |q 005300034364 |t BK |v τομ.2: |y 0 | ||
| 852 | |a INST |b SAMOS |c MAG |e 20151011 |h 512 WAR |p 005300043034 |q 005300043034 |t BK |v τομ.1: |y 0 | ||
| 853 | |a INST |b SAMOS |c MAG |h 512 WAR | ||
| 970 | |a Σιτζίμη |b Γιασεμή |z 11/10/2015 | ||